| 000 | 02450cas a2200625 i 4500 | ||
|---|---|---|---|
| 999 |
_c534509 _d534509 |
||
| 001 | 19428755 | ||
| 003 | NUST | ||
| 005 | 20200229153216.0 | ||
| 008 | 170103c20159999pk fr p | 0eng | ||
| 010 | _a 2016348108 | ||
| 022 |
_a2414-4762 _l2414-4762 |
||
| 035 | _a(OCoLC)ocn967507489 | ||
| 038 | _aAtta | ||
| 040 |
_aDLC _beng _erda _cDLC _dDLC _dOCLCF _dOCLCA _dHLS |
||
| 042 | _apcc | ||
| 043 |
_aaz----- _aas----- _aa-pk--- |
||
| 050 | 0 | 0 |
_aJZ6009.S64 _bJ687 |
| 082 | _aVol- | ||
| 222 | 0 | _aJournal of security and strategic analysis | |
| 245 | 0 | 0 | _aJournal of security and strategic analyses. |
| 246 | 1 | 3 | _aJSSA |
| 246 | 1 | 3 | _aSVI journal |
| 264 | 1 |
_aIslamabad : _bStrategic Vision Institute |
|
| 300 |
_avolumes; _c24 cm |
||
| 310 | _aSemiannual | ||
| 336 |
_atext _btxt _2rdacontent |
||
| 337 |
_aunmediated _bn _2rdamedia |
||
| 338 |
_avolume _bnc _2rdacarrier |
||
| 362 | 1 | _aBegan with: Volume 1, number 1 (winter 2015). | |
| 530 | _aAlso available via the World Wide Web. | ||
| 588 | _aDescription based on: Volume 2, number 1 (summer 2016); title from title page. | ||
| 588 | _aLatest issue consulted: Volume 4, number 1 (summer 2018). | ||
| 590 | _aAcquired via LC overseas office. Islamabad Field Office. Most recent issues may not yet be available in LC Washington. | ||
| 650 | 0 |
_aSecurity, International _zSouth Asia. _928672 |
|
| 650 | 0 |
_aSecurity, International _zSoutheast Asia. _928673 |
|
| 650 | 0 |
_aSecurity, International _zPakistan. _928674 |
|
| 650 | 0 |
_aSecurity, International. _92184 |
|
| 650 | 0 |
_aStrategic planning _zSouth Asia. _928675 |
|
| 650 | 0 |
_aStrategic planning _zSoutheast Asia. _928676 |
|
| 650 | 0 |
_aStrategic planning _zPakistan. _928677 |
|
| 650 | 7 |
_aDiplomatic relations. _2fast _0(OCoLC)fst01907412 _96585 |
|
| 650 | 7 |
_aSecurity, International. _2fast _0(OCoLC)fst01110895 _92184 |
|
| 650 | 7 |
_aStrategic planning. _2fast _0(OCoLC)fst01134371 _912267 |
|
| 651 | 0 |
_aSouth Asia _xForeign relations. _928678 |
|
| 651 | 0 |
_aSoutheast Asia _xForeign relations. _928679 |
|
| 651 | 0 |
_aPakistan _xForeign relations. _93050 |
|
| 651 | 7 |
_aPakistan. _2fast _0(OCoLC)fst01210275 _928680 |
|
| 651 | 7 |
_aSouth Asia. _2fast _0(OCoLC)fst01244520 _928681 |
|
| 651 | 7 |
_aSoutheast Asia. _2fast _0(OCoLC)fst01240499 _928682 |
|
| 710 | 2 |
_aStrategic Vision Institute. _928683 |
|
| 906 |
_a7 _bcbc _cserorig _d3 _encip _f20 _gn-oclcserc |
||
| 942 |
_2ddc _cCR |
||